000
00327nam a22001457a 4500
008
210531b ||||| |||| 00| 0 eng d
020
_a
0534162436
041
_a
eng
080
_a
070
082
_a
070
100
_a
40
101
_a
MED
245
_a
Media/Impact An Introduction to Mass Media
_c
Biagi,Sh
942
_2
udc
_c
BK
999
_c
57830
_d
57830